RÁKOCI, Ladislav (Rákoczi, Rákoczy) stoličný hodnostár, feudálny zemepán (1636 - 17. 5. 1664 Oradea, Rumunsko)

Bibliographic Details
Format: Article
Language:Slovak
ISBN:8070902167 viaz
Subjects:

MARC

LEADER 00000naa a2200000uu 4500
001 vtls010923278
003 SK-MaSNL
005 20260302130247.0
008 220808|1992 xo |||||||||||||||||slo|
015 |a SNBRA 
035 |a (urnnbn)urn:nbn:sk:snk:ar-a0d1mm 
035 |a (uuid)db486db6-db2b-4c99-8605-e78f7f7dd9e8 
035 |a urn:nbn:sk:snk-aatqc2 
040 |a SNKBUCL  |b slo  |c SNKBUCL  |e AACR2 
041 0 |a slo 
044 |a xo  |c SK 
245 0 0 |a RÁKOCI, Ladislav (Rákoczi, Rákoczy)  |b stoličný hodnostár, feudálny zemepán (1636 - 17. 5. 1664 Oradea, Rumunsko) 
655 7 |a biografické heslá  |2 SNKPH  |9 368942 
773 0 |t Slovenský biografický slovník : (od roku 833 do roku 1990). V. zväzok, R-Š  |d Martin : Matica slovenská, 1992  |g S. 30  |z 8070902167 viaz 
954 |a odborná, vedecká literatúra pôvodná (slovenská)  |2 lita 
958 |a BX 
958 |a OND 
958 |a chapter 
958 |a article25 
999 |c 1298144  |d 1300074